[Event "Druzynowe Mistrzostw Polski Juniorow - II Liga"]
[Site "Wroclaw"]
[Date "1899-12-30"]
[Round "11.72"]
[White "Popczynska, Michalina"]
[Black "Kucia, Kinga"]
[Result "1/2-1/2"]
[WhiteTitle "I"]
[BlackTitle "I"]
[WhiteElo "1327"]
[BlackElo "1208"]

1. e4 c5 2. Nf3 Nc6 3. d4 cxd4 4. Nxd4 g6 5. c4 Nf6 6. Nc3 d6 7. Be2 Bg7 8. Nc2
O-O 9. O-O Bd7 10. Be3 Rc8 11. Rc1 Ne5 12. b3 Qa5 13. Bd2 Qd8 14. Kh1 a5 15. f4
Nc6 16. Bf3 Ne8 17. Qe1 f5 18. exf5 Bxf5 19. Bd5+ Kh8 20. Be6 Bxe6 21. Qxe6 Nc7
22. Qe3 Qd7 23. Na4 Qf5 24. Qe2 Rce8 25. Bc3 Bxc3 26. Nxc3 Rf7 27. Ne3 Qe6 28.
Ncd5 Na6 29. Qb2+ Kg8 30. a3 Ref8 31. Rce1 Qd7 32. g3 Nc5 33. Rd1 Ne4 1/2-1/2

[Event "Druzynowe Mistrzostw Polski Juniorow - II Liga"]
[Site "Wroclaw"]
[Date "1899-12-30"]
[Round "11.73"]
[White "Smuda, Tomasz"]
[Black "Sputowski, Jakub"]
[Result "1/2-1/2"]
[WhiteTitle "I"]
[BlackTitle "I"]
[WhiteElo "1515"]
[BlackElo "1677"]

1. d4 d5 2. c4 e6 3. Nf3 c5 4. cxd5 exd5 5. g3 Nc6 6. Be3 Nf6 7. Bg2 cxd4 8. Nxd4
Bb4+ 9. Nd2 O-O 10. O-O Ng4 11. Nxc6 Nxe3 12. Nxd8 Nxd1 13. Rfxd1 Rxd8 14. Nb3
Be6 15. Rd4 Be7 16. Rad1 Bf6 17. R4d2 d4 18. Nxd4 Bxa2 19. Bxb7 Rab8 20. Bf3 g6
21. b4 Rxb4 22. Rxa2 Rbxd4 23. Rxd4 Bxd4 24. Be4 f5 25. Bd3 Rc8 26. Rc2 Rxc2 27.
Bxc2 a5 28. Kf1 Bc3 29. e3 Kf7 30. Ke2 Ke6 31. Kd3 Bb4 32. e4 fxe4+ 33. Kxe4 Kf6
34. f4 1/2-1/2

[Event "Druzynowe Mistrzostw Polski Juniorow - II Liga"]
[Site "Wroclaw"]
[Date "1899-12-30"]
[Round "11.74"]
[White "Zaborski, Igor"]
[Black "Rzepka, Marcin"]
[Result "1-0"]
[WhiteTitle "II+"]
[BlackTitle "II"]
[WhiteElo "1526"]
[BlackElo "1314"]

1. d4 Nf6 2. Nf3 c5 3. d5 g6 4. Nc3 d6 5. e4 Bg7 6. Be2 a6 7. a4 e6 8. O-O exd5
9. exd5 O-O 10. Rb1 a5 11. b3 Na6 12. Bxa6 bxa6 13. Bb2 Re8 14. Nd2 Bf5 15. Nc4
Ne4 16. Nxe4 Rxe4 17. f3 Bd4+ 18. Kh1 Rh4 19. g3 Rh3 20. Bxd4 cxd4 21. Qxd4 Bxc2
22. Rb2 Bf5 23. Re2 Qc7 24. Rfe1 Bd7 25. Nb6 Rb8 26. Nxd7 Qxd7 27. Re7 Qd8 28.
Qf6 Qf8 29. Qxd6 Rh5 30. g4 Rd8 31. Qxd8 1-0

[Event "Druzynowe Mistrzostw Polski Juniorow - II Liga"]
[Site "Wroclaw"]
[Date "1899-12-30"]
[Round "11.75"]
[White "Kubik, Bartosz"]
[Black "Dylong, Antoni"]
[Result "1/2-1/2"]
[WhiteTitle "II"]
[BlackTitle "I"]
[WhiteElo "1224"]
[BlackElo "1576"]

1. d3 e6 2. Nd2 c5 3. g3 g6 4. Bg2 Bg7 5. Ngf3 Ne7 6. O-O Nbc6 7. e4 O-O 8. Re1
d6 9. Rb1 b5 10. c4 b4 11. b3 Bb7 12. Bb2 Bxb2 13. Rxb2 e5 14. h4 a5 15. Nh2 Nc8
16. Qg4 Nb6 17. f4 Qf6 18. f5 Nd4 19. Ndf3 Nxf3+ 20. Qxf3 gxf5 21. Rf2 Qg6 22.
exf5 Bxf3 23. fxg6 Bxg2 24. gxh7+ Kxh7 25. Kxg2 f5 26. Ref1 Kg6 27. g4 f4 28.
Kf3 a4 29. Rh1 axb3 30. axb3 Ra3 31. Rb2 d5 32. cxd5 c4 33. bxc4 Rxd3+ 34. Ke2
Re3+ 35. Kf2 b3 36. Rhb1 Nxc4 37. Rxb3 e4 38. Nf1 Rxb3 39. Rxb3 e3+ 40. Ke1 Ne5
41. Nxe3 fxe3 42. Rxe3 Nxg4 43. Rd3 Ne5 44. Rg3+ Kh6 45. Ke2 Rd8 46. Rg5 Nf7 47.
Rf5 Kg6 48. Rf2 Rxd5 49. Rh2 Ra5 50. Kd3 Ra4 51. Kc3 Nd6 52. Kb3 Rg4 53. h5+ Kh6
54. Kc3 Nf5 55. Kb3 Ng7 56. Rc2 Nxh5 57. Rc6+ Kg5 58. Rc5+ Kg6 59. Rc6+ Nf6 60.
Ra6 Kf5 61. Ra5+ Ke6 62. Ra6+ Ke5 63. Ra5+ Nd5 64. Ra8 Rg3+ 65. Kc2 Kd4 66. Rd8
Rc3+ 67. Kd2 Rc7 68. Ke2 Rf7 69. Rd6 Ke5 70. Rd8 Ra7 71. Re8+ Kd4 72. Rd8 Ra3
73. Rd7 Ke4 74. Kf2 Rf3+ 75. Ke2 Rd3 76. Ra7 Nf4+ 77. Kf2 Rf3+ 78. Ke1 Rh3 79.
Kd2 Nd5 80. Ra8 Rh2+ 81. Kc1 Ne3 82. Re8+ Kd3 83. Rd8+ Kc3 84. Rc8+ Nc4 85. Kd1
Rd2+ 86. Ke1 Rh2 87. Rc7 Kd4 88. Rd7+ Ke4 89. Re7+ Ne5 90. Kd1 Kd5 91. Re8 Nf3
92. Rd8+ Kc4 93. Rc8+ Kd3 94. Rd8+ Nd4 95. Ke1 Rh1+ 96. Kf2 Rh4 97. Kg3 Re4 98.
Kf2 Re7 99. Kg3 Rg7+ 1/2-1/2

[Event "Druzynowe Mistrzostw Polski Juniorow - II Liga"]
[Site "Wroclaw"]
[Date "1899-12-30"]
[Round "11.76"]
[White "Nguyen, Doan Quoc Anh"]
[Black "Pawleta, Mateusz"]
[Result "1/2-1/2"]
[WhiteTitle "II"]
[BlackTitle "II"]
[WhiteElo "1293"]
[BlackElo "1168"]

1. e4 c5 2. Nf3 e6 3. d4 cxd4 4. Nxd4 Bc5 5. Nb3 Bb6 6. g3 Ne7 7. Bg2 O-O 8. O-O
d5 9. exd5 Nxd5 10. Qe2 Nc6 11. Rd1 Qe7 12. Na3 Rd8 13. Nc4 Bc7 14. Ne3 Nf6 15.
Bd2 Bd7 16. Nc4 Rac8 17. Bc3 Be8 18. a3 Nd5 19. Bxd5 exd5 20. Qg4 f6 21. Rxd5
Bf7 22. Rxd8+ Rxd8 23. Re1 Ne5 24. Nxe5 fxe5 25. Nd4 Qf6 26. Nb3 Bb6 27. Qe2 Re8
28. Ba5 Bxb3 29. Bxb6 Qxb6 30. cxb3 Qxb3 1/2-1/2

[Event "Druzynowe Mistrzostw Polski Juniorow - II Liga"]
[Site "Wroclaw"]
[Date "1899-12-30"]
[Round "11.77"]
[White "Seemann, Lena"]
[Black "Kulpa, Karolina"]
[Result "1/2-1/2"]
[WhiteTitle "II"]
[BlackTitle "I"]
[WhiteElo "1081"]
[BlackElo "1461"]

1. e4 c6 2. d4 d5 3. Nc3 dxe4 4. Nxe4 Bf5 5. Ng3 Bg6 6. h4 h6 7. Nf3 Nd7 8. Bf4
Qa5+ 9. Bd2 Qc7 10. Bc4 e6 11. c3 Bd6 12. Ne2 Ngf6 13. Qc1 Ne4 14. Bf4 e5 15.
dxe5 Nxe5 16. Nxe5 Bxe5 17. Qe3 O-O-O 18. f3 Bxf4 19. Nxf4 Nd2 20. Be6+ fxe6 21.
O-O-O Bf7 22. Rxd2 Rxd2 23. Qxd2 Rd8 24. Qe3 Qd6 25. Re1 Kb8 26. Nxe6 Bxe6 27.
Qxe6 Qd2+ 28. Kb1 Qd3+ 29. Kc1 Qd2+ 30. Kb1 Qxg2 1/2-1/2

[Event "Druzynowe Mistrzostw Polski Juniorow - II Liga"]
[Site "Wroclaw"]
[Date "1899-12-30"]
[Round "11.85"]
[White "Bartlomowicz, Jakub"]
[Black "Goral, Bartosz"]
[Result "1-0"]
[WhiteTitle "I"]
[BlackTitle "III"]
[WhiteElo "1922"]
[BlackElo "1065"]

1. e4 e5 2. Nf3 Nc6 3. Bc4 Bc5 4. c3 Nf6 5. d3 d6 6. Nbd2 O-O 7. O-O Bg4 8. h3
Bh5 9. Re1 h6 10. Nf1 Ne7 11. Ng3 Bxf3 12. Qxf3 Qd7 13. Bxh6 gxh6 14. Qxf6 Kh7
15. Nh5 Rg8 16. Qxf7+ Kh8 17. Nf6 Rg7 18. Qxg7+ Kxg7 19. Nxd7 1-0

[Event "Druzynowe Mistrzostw Polski Juniorow - II Liga"]
[Site "Wroclaw"]
[Date "1899-12-30"]
[Round "11.86"]
[White "Nowak, Feliks"]
[Black "Bochenek, Ryszard"]
[Result "1/2-1/2"]
[WhiteTitle "II"]
[BlackTitle "II+"]
[WhiteElo "1412"]
[BlackElo "1544"]

1. d4 Nf6 2. c4 e5 3. dxe5 Ng4 4. e3 Nxe5 5. f4 Ng6 6. Nf3 Bb4+ 7. Nc3 d6 8. Bd3
Bxc3+ 9. bxc3 Qf6 10. Bd2 Nc6 11. O-O O-O 12. Qc2 Qe7 13. Nd4 Nxd4 14. cxd4 f5
15. Rae1 Qh4 16. e4 Qg4 17. h3 Qh4 18. exf5 Ne7 19. f6 Qxf6 20. Bxh7+ Kh8 21.
Qe4 Nf5 22. Bxf5 Bxf5 23. Qe3 Rae8 24. Qc3 Qg6 25. Rf3 Rxe1+ 26. Bxe1 Be4 27.
Rg3 Qf6 28. d5 c5 29. Qxf6 Rxf6 30. Bc3 Rf7 31. Re3 Bb1 32. Re8+ Kh7 33. Rd8 Bxa2
34. Rxd6 Bxc4 35. g3 Bb5 36. Kf2 Rd7 37. Be5 a5 38. Rxd7 Bxd7 39. Bd6 b6 40. Bc7
1/2-1/2

[Event "Druzynowe Mistrzostw Polski Juniorow - II Liga"]
[Site "Wroclaw"]
[Date "1899-12-30"]
[Round "11.87"]
[White "Blaszkiewicz, Jakub"]
[Black "Myszkowski, Jan"]
[Result "1-0"]
[WhiteTitle "II"]
[BlackTitle "II"]
[WhiteElo "1405"]
[BlackElo "1076"]

1. e4 c6 2. d4 d5 3. Nc3 e6 4. Be3 Nd7 5. Nf3 b6 6. Be2 Bb7 7. e5 c5 8. Bg5 f6
9. exf6 Ngxf6 10. Ne5 g6 11. Bb5 Bc8 12. Qe2 Qe7 13. Nc6 Qf7 14. Bxf6 Qxf6 15.
Nxd5 Qf7 16. Nc7# 1-0

[Event "Druzynowe Mistrzostw Polski Juniorow - II Liga"]
[Site "Wroclaw"]
[Date "1899-12-30"]
[Round "11.88"]
[White "Ford, Nikodem"]
[Black "Lesnikowski, Maciej"]
[Result "0-1"]
[WhiteTitle "III"]
[BlackTitle "II"]
[WhiteElo "1100"]
[BlackElo "1332"]

1. e4 e5 2. Nf3 Nc6 3. d4 exd4 4. Nxd4 Bc5 5. Be3 Bb6 6. Nxc6 dxc6 7. Qxd8+ Kxd8
8. Bxb6 cxb6 9. Nc3 Be6 10. O-O-O Kc7 11. Be2 Nf6 12. Rd2 Rad8 13. Rhd1 Rxd2 14.
Rxd2 Rd8 15. Rxd8 Kxd8 16. g3 Ke7 17. f3 h6 18. f4 Ne8 19. e5 f6 20. exf6+ Nxf6
21. Bf3 Kd6 22. Ne4+ Nxe4 23. Bxe4 Bd5 24. Bxd5 Kxd5 25. Kd2 Ke4 26. Ke2 a6 27.
h4 h5 28. a3 c5 29. c3 b5 30. b3 c4 31. b4 b6 32. f5 Kxf5 33. Kf3 g6 34. Kf2 Ke4
35. Ke2 a5 36. bxa5 bxa5 0-1